Pop culture en images - A - Statistiques

Statistiques générales
  • Ce quiz a été pris 732 fois
  • Le résultat moyen est 7 sur 16
Statistiques - réponses
Par images Réponse % Correct
Anna
94%
Annabelle
92%
Anakin
91%
Assassin's Creed
75%
Apu
55%
Aragorn
55%
Amphinobi
46%
Asta
38%
Ariol
35%
Azrael
35%
Alita
33%
Asuna
25%
Arthur
22%
Apex Legends
17%
Aqua
13%
Androxus
3%
Aucun quiz correspondant
Distribution des résultats
% des personnes avec chaque résultat
Percentile par nombre de réponses
Votre historique - résultats
Vous n’avez pas pris ce quiz